|
|
|
|
| LEADER |
00000cam a2200000 7i4500 |
| 001 |
0000003808 |
| 005 |
20110706.0 |
| 020 |
0 |
0 |
|a 9781402085055
|
| 090 |
0 |
0 |
|a 577.3
|b COE 2008
|
| 245 |
0 |
0 |
|a Field measurements for forest carbon monitoring :
|b : a landscape-scale approach
|c editor Coeli M. Hoover
|
| 260 |
0 |
0 |
|a Netherlands :
|b Springer ,
|c 2008.
|
| 300 |
|
|
|a xvii, 240 p. :
|b ill. ;
|c 25 cm.
|
| 500 |
0 |
0 |
|a Includes bibliograpical reference and index
|
| 650 |
0 |
0 |
|a carbon cycle (bioeochemistry)
|
| 650 |
0 |
0 |
|a Forest and forestry---Measurement.
|
| 650 |
0 |
0 |
|a Forest monitoring
|
| 650 |
0 |
0 |
|a Forest surveys
|
| 700 |
0 |
1 |
|a Hoover, Coeli M
|
| 998 |
|
|
|a JPSM
|
| 999 |
|
|
|a 007417
|b Monograph
|c Open Shelf
|e Default branch
|